00551 2200217 4500001002100000005001500021035002000036007000300056008004100059082001100100084001700111100001800128245004300146250001200189260003400201300002300235600004500258856000800303990001100311990001100322INLIS00000000000025220260305092500 a0010-0326000014ta260305 0  a297412 a297412 IMA d0 aIMAM TURMUDZI1 aDASATNYA DOA IBU BAHAYA MENDURHAKAINYA aPERTAMA aSurabaya :bGIRI UTAMA,c2015 a128 hlm ;c23,5 cm 4aDAHSYATNYA DOA IBU BAHAYA MENDURHAKAINYA a300 a35.921 a35.920